000 01004nam a2200241 a 4500
999 _c11042
_d11042
001 11042
003 BD-JhCC
005 20190727151329.0
008 190627s2017 bg a|||| |||| 000 0 ben d
020 _a9789849300137
035 _a(BD-JhCC)11042
040 _aBD-JhCC
_dBD-JhCC
041 _aben
082 _a378.196
_bDHA 2017
245 _aঢাকা বিশ্ববিদ্যালয় :
_bনতুন যুগের সন্ধানে /
_cসম্পাদনায় ইমতিয়াজ আহমেদ এবং ইফতেখার ইকবাল
260 _aঢাকা :
_bপ্রথমা প্রকাশ,
_c২০১৭.
300 _a৩৯৯ পৃ. :
_c২২ সেমি.
504 _aনির্দেশক অর্ন্তভূক্ত
650 _aEducational Institutions
_zDhaka University, Bangladesh
700 _aআহমেদ, ইমতিয়াজ
700 _aইকবাল, ইফতেখার
942 _2ddc
_cBK